D.R.C nirnayam: Puthiya pareekshanangal (Record no. 51404)

MARC details
000 -LEADER
fixed length control field 00291nam a2200121Ia 4500
100 ## - MAIN ENTRY--AUTHOR NAME
Personal name Rejikumar R
245 #0 - TITLE STATEMENT
Title D.R.C nirnayam: Puthiya pareekshanangal
260 ## - PUBLICATION, DISTRIBUTION, ETC. (IMPRINT)
Name of publisher Rubber
Year of publication 2009
300 ## - PHYSICAL DESCRIPTION
Number of Pages 35-36
700 ## - ADDED ENTRY--PERSONAL NAME
Personal name Philip Jacob
942 ## - ADDED ENTRY ELEMENTS (KOHA)
Koha item type Bibliography STAF
Holdings
Withdrawn status Lost status Damaged status Not for loan Home library Current library Shelving location Date acquired Serial Enumeration / chronology Koha item type
      Bibliography RRII Library RRII Library Rubber technology 25/03/2009 Volume 515, Issue Feb Bibliography STAF